| 000 | 00691nam a2200205Ia 4500 | ||
|---|---|---|---|
| 005 | 20260121110028.0 | ||
| 008 | 008 260114s9999 xx 000 0 hin d | ||
| 020 | _a9788132359388 | ||
| 037 | _aEBOOK | ||
| 040 |
_aCRL _bhin _cCRL |
||
| 041 |
_ahin _2hin |
||
| 084 | _qCRL | ||
| 100 |
_aजय सिंह / Jay Singh _9941169 |
||
| 245 | 0 | _aविकासात्मक एवं सूक्ष्म जीव विज्ञान / Vikasatmak aur Sookshma Jeev Vigyan | |
| 260 |
_bभाषा प्रकाशन / Bhasha Prakashan _c2021 |
||
| 856 | _uhttps://bhashaprakashan.com/product-details/382511 | ||
| 942 | _cEBOOK | ||
| 999 |
_c1532834 _d1532834 |
||